[Event "Capablanca mem"]
[Site "Havana"]
[Date "1971.??.??"]
[Round "2"]
[White "Cobo Arteaga, Eldis"]
[Black "Parma, Bruno"]
[Result "1/2-1/2"]
[WhiteElo "2410"]
[BlackElo "2510"]

1.d4 Nf6 2.c4 e6 3.g3 Bb4+ 4.Nd2 c5 5.dxc5 O-O 6.Nf3 Bxc5 7.Bg2 Nc6 8.O-O d5
9.a3 a5 10.Qc2 d4 11.Nb3 Ba7 12.Bf4 Re8 13.Ne5 Nxe5 14.Bxe5 Ng4 15.Bf4 a4  1/2-1/2

[Event "URS-chT Moscow"]
[Site "Moscow"]
[Date "1972.??.??"]
[Round "?"]
[White "Kozlovskaya, Valentina"]
[Black "Kobaidze, Tsiuri"]
[Result "1-0"]
[WhiteElo "2305"]
[BlackElo "2125"]

1.d4 Nf6 2.c4 e6 3.g3 Bb4+ 4.Nd2 c5 5.dxc5 Bxc5 6.e3 O-O 7.Bg2 d5 8.Ne2 Nc6
9.O-O Qe7 10.a3 a5 11.b3 Rd8 12.Qc2 Bd7 13.Bb2 dxc4 14.Nxc4 Rac8 15.Nc3 Be8
16.Rfd1 Rxd1+ 17.Rxd1 h6 18.Qe2 Rd8 19.Rc1 Nd5 20.Nb5 f6 21.Bh3 Bg6 22.Rd1 Kf7
23.Bg2 Nb6 24.Nxb6 Bxb6 25.h4 Rd7 26.Kh2 Qd8 27.Rxd7+ Qxd7 28.e4 Na7 29.Nxa7 Bxa7
30.Bc3 Qc7 31.Be1 Qc5 32.a4 Bb8 33.Qd2 b6 34.Qd7+ Qe7 35.Qb5 Bc7 36.Bd2 Qd6
37.Be3 Ke7 38.Qa6 Be8 39.Qe2 Kf8 40.Qc2 Kf7 41.Bf3 Ke7 42.e5 Qd7 43.Qh7 Kd8
44.exf6 gxf6 45.Qh8 Qf7 46.Bxh6 Ke7 47.h5 e5 48.Bg7 e4 49.Be2 f5 50.Be5 Bxe5
51.Qxe5+ Qe6 52.Qxe6+ Kxe6 53.Kh3 Kf6 54.Kh4 Bf7 55.Bc4 Be8 56.h6 Bg6 57.Bg8 Be8
58.h7 Kg7 59.Kg5 Bd7 60.Kf4 b5  1-0

[Event "Skopje ol (Men) fin-B"]
[Site "Skopje"]
[Date "1972.??.??"]
[Round "3"]
[White "Verstraeten, Roland"]
[Black "Bachtiar, Arovah"]
[Result "0-1"]
[WhiteElo "2200"]
[BlackElo "2400"]

1.d4 Nf6 2.c4 e6 3.g3 Bb4+ 4.Bd2 Bxd2+ 5.Nxd2 d6 6.Bg2 Nbd7 7.Ngf3 O-O 8.O-O Re8
9.e3 e5 10.b4 h6 11.dxe5 dxe5 12.c5 a5 13.a3 axb4 14.axb4 Rxa1 15.Qxa1 Qe7
16.Qb1 b6 17.c6 Nf8 18.e4 Ng6 19.b5 Be6 20.Rc1 Ra8 21.Nc4 Bxc4 22.Rxc4 Qd6
23.h3 Ra3 24.Ne1 Nf8 25.Nc2 Ra5 26.Ne3 Ne6 27.Nd5 Nd4 28.Nc3 Ra3 29.Kh2 Qe6
30.Nd5 Nxd5 31.exd5 Qd6 32.Rb4 Ra5 33.f4 f6 34.fxe5 fxe5 35.Rb2 Ra8 36.Be4 Rf8
37.Qd1 Qa3 38.Rg2 Qe3 39.Qg4 Qa3 40.Qg6 Rf6 41.Qe8+ Qf8 42.Qxe5 Nxb5 43.Bc2 Nd6
44.Qd4 Qe8 45.Qd3 Qe1 46.h4 Rf1 47.Kh3 Rh1+ 48.Kg4 Ne8 49.Re2 Nf6+ 50.Kf5 Rf1+
51.Kg6 Qb4 52.Re4 Qxe4+ 53.Qxe4 Nxe4 54.Bxe4 Rf6+ 55.Kh5 Kf8 56.g4 Ke7 57.g5 Rf4
58.gxh6 gxh6  0-1

[Event "Skopje ol (Men) prel"]
[Site "Skopje"]
[Date "1972.??.??"]
[Round "7"]
[White "Grumer, Eugene"]
[Black "Janetschek, Karl"]
[Result "0-1"]
[WhiteElo "2200"]
[BlackElo "2200"]

1.c4 Nf6 2.d4 e6 3.g3 Bb4+ 4.Bd2 a5 5.Nc3 Nc6 6.a3 Bxc3 7.Bxc3 Ne4 8.Qc2 Nxc3
9.Qxc3 O-O 10.Bg2 d6 11.e3 Qe7 12.Ne2 e5 13.O-O Bg4 14.Bxc6 bxc6 15.Nc1 e4
16.Qc2 Bf3 17.h4 Qe6 18.Kh2 Qg4 19.Rh1 Rae8 20.Kg1 Bxh1 21.Kxh1 g5 22.hxg5 h6
23.gxh6 Re6 24.Qe2 Qh3+ 25.Kg1 Rxh6 26.f4 Qh1+ 27.Kf2 Rh2+  0-1

[Event "Skopje ol (Men) prel"]
[Site "Skopje"]
[Date "1972.??.??"]
[Round "7"]
[White "Pustina, Ylvi"]
[Black "Taha, A."]
[Result "1-0"]
[WhiteElo "2280"]
[BlackElo "2200"]

1.d4 Nf6 2.c4 e6 3.g3 Bb4+ 4.Bd2 Qe7 5.Bg2 d5 6.Nf3 O-O 7.O-O Bxd2 8.Nbxd2 Nbd7
9.Qc2 c6 10.Rfe1 dxc4 11.Nxc4 h6 12.e4 Rd8 13.Rad1 Nf8 14.a3 Qc7 15.Nce5 Qb6
16.b4 Bd7 17.Nd2 Be8 18.Ndc4 Qc7 19.f4 N6d7 20.f5 Nxe5 21.dxe5 b5 22.Nd6 a5
23.Bh3 axb4 24.axb4 Ra4 25.fxe6 fxe6 26.Rf1 Bg6 27.Qc5 Qa7 28.Qxa7 Rxa7 29.Rc1 Ra4
30.Rxc6 Rxb4 31.Rc8 Rxc8 32.Nxc8 Rxe4 33.Ne7+ Kh7 34.Rxf8 Rxe5 35.Nxg6 Kxg6
36.Rb8 Re1+ 37.Bf1 Rb1 38.Rxb5 Rxb5 39.Bxb5 Kf6 40.Kf2 g5 41.Kf3 h5 42.Ke4  1-0

[Event "SWE-ch"]
[Site "?"]
[Date "1972.??.??"]
[Round "5"]
[White "Wahlbom, Magnus"]
[Black "Kinnmark, Ove"]
[Result "1/2-1/2"]
[WhiteElo "2200"]
[BlackElo "2410"]

1.d4 Nf6 2.c4 e6 3.g3 Bb4+ 4.Bd2 Qe7 5.Bg2 d5 6.Nf3 Bxd2+ 7.Nbxd2 O-O 8.O-O b6
9.Qc2 Bb7 10.Rac1 Rc8 11.Ne5 c5 12.cxd5 exd5 13.Qf5 Na6 14.e3 Re8 15.a3 Nc7
16.Rfe1 Nb5 17.Bf1  1/2-1/2

[Event "DSV-Turnier"]
[Site "Leipzig"]
[Date "1973.??.??"]
[Round "14"]
[White "Knaak, Rainer"]
[Black "Lutikov, Anatoly S"]
[Result "0-1"]
[WhiteElo "2475"]
[BlackElo "2520"]

1.d4 Nf6 2.c4 e6 3.g3 Bb4+ 4.Nd2 c5 5.a3 Bxd2+ 6.Qxd2 cxd4 7.Qxd4 Nc6 8.Qd3 b6
9.Nf3 Bb7 10.Bg2 Ne5 11.Qd4 Nxf3+ 12.exf3 O-O 13.O-O d5 14.c5 bxc5 15.Qxc5 Nd7
16.Qb4 Ba6 17.Rd1 Bc4 18.Be3 a5 19.Qd2 a4 20.f4 Qa5 21.Qd4 Rac8 22.f5 e5
23.Qh4 d4 24.Bg5 Qb6 25.Be7 Rfe8 26.Be4 Nf6 27.Bxf6 Qxf6 28.Qh5 Rc7 29.Rd2 Rec8
30.g4 g6 31.Qh6 Qg7 32.Qxg7+ Kxg7 33.g5 gxf5 34.Bxf5 Be6 35.Bxe6 fxe6 36.Kg2 Rc2
37.Rad1 Kg6 38.h4 Kf5 39.Kg3 Rxd2 40.Rxd2 Rc4 41.f3 e4  0-1

[Event "CSR-ch"]
[Site "Luhacovice"]
[Date "1973.??.??"]
[Round "11"]
[White "Hort, Vlastimil"]
[Black "Lechtynsky, Jiri"]
[Result "1-0"]
[WhiteElo "2600"]
[BlackElo "2370"]

1.d4 Nf6 2.c4 e6 3.g3 Bb4+ 4.Bd2 a5 5.Bg2 Nc6 6.Nf3 d5 7.a3 Be7 8.Nc3 dxc4
9.Qa4 O-O 10.Qxc4 e5 11.dxe5 Ng4 12.Bf4 Be6 13.Qe4 Bc5 14.O-O Qc8 15.e3 f6
16.exf6 Nxf6 17.Qc2 Bf5 18.Qb3+ Kh8 19.Rac1 Bh3 20.Ng5 Bxg2 21.Kxg2 h6 22.Ne6 a4
23.Nxa4 Rxa4 24.Nxf8 Ra5 25.Ng6+ Kh7 26.Qd3 Qa8 27.Ne5+ Kh8 28.Nf7+ Kg8 29.Qc4 b6
30.Kg1 Ra4 31.b4 Nxb4 32.axb4 Rxb4 33.Qe6 Re4 34.Ne5+  1-0

[Event "ARG-ch"]
[Site "Santa Fe"]
[Date "1973.??.??"]
[Round "1"]
[White "Hase, Juan C"]
[Black "Morgado, Juan J"]
[Result "1-0"]
[WhiteElo "2420"]
[BlackElo "2200"]

1.d4 Nf6 2.c4 e6 3.g3 Bb4+ 4.Nd2 O-O 5.Nf3 d5 6.Bg2 Ne4 7.O-O Bxd2 8.Nxd2 Nxd2
9.Qxd2 Nc6 10.e3 a5 11.Qc3 a4 12.Bd2 Qd6 13.Rac1 Rd8 14.Rc2 Ra6 15.Rfc1 f6
16.Be1 Bd7 17.cxd5 exd5 18.Qc5 Be6 19.Bf1 Qxc5 20.Rxc5 Rb6 21.Bb5 a3 22.bxa3 Ra8
23.a4 h6 24.Kg2 g5 25.h3 Kf8 26.a3 Bf7 27.g4 Kg7 28.f3 Na7 29.Ba5 Rxb5 30.axb5 b6
31.Rxc7 bxa5 32.a4 Nxb5 33.axb5 a4 34.b6 a3 35.Ra7 Rb8 36.Rcc7 Rxb6 37.Rxf7+ Kg8
38.Rfb7  1-0

[Event "ARG-ch"]
[Site "Santa Fe"]
[Date "1973.??.??"]
[Round "1"]
[White "Pelikan, Jorge"]
[Black "Debarnot, Roberto"]
[Result "0-1"]
[WhiteElo "2375"]
[BlackElo "2405"]

1.d4 Nf6 2.c4 e6 3.g3 Bb4+ 4.Bd2 Qe7 5.Bg2 Nc6 6.Nf3 Bxd2+ 7.Nbxd2 d6 8.O-O a5
9.Rc1 O-O 10.a3 e5 11.d5 Nb8 12.e4 Bg4 13.h3 Bxf3 14.Qxf3 a4 15.Qe3 Na6 16.f4 Nd7
17.f5 Nac5 18.Rf2 Ra6 19.g4 Rb6 20.Nf3 Rb3 21.Rc3 Rxc3 22.bxc3 h6 23.h4 Nf6
24.Nh2 Nh7 25.Qg3 f6 26.Qe3 Ra8 27.Bf1 Ra6 28.Rb2 Kf8 29.Nf3 Ke8 30.Be2 Kd8
31.Rb4 Kc8 32.Ne1 Nf8 33.Bd1 Kb8 34.Nf3 Nh7 35.Kh2 b6 36.Kg3 Kb7 37.Kh3 Ra8
38.Kg3 Qf7 39.Nh2 g6 40.Qxh6 Nxe4+ 41.Kg2 gxf5 42.Bxa4 Rxa4 43.Rxa4 fxg4
44.Nxg4 Nf8 45.Kf3 Nc5 46.Rb4 Ng6 47.Qh5 f5 48.Nh6 Qf6 49.Nxf5 e4+ 50.Kg4 e3
51.Qg5 Ne5+ 52.Kg3 Ne4+  0-1

[Event "FRG-ch"]
[Site "Menden"]
[Date "1974.??.??"]
[Round "?"]
[White "Reefschlaeger, Helmut"]
[Black "Lieb, Harald"]
[Result "0-1"]
[WhiteElo "2200"]
[BlackElo "2200"]

1.d4 Nf6 2.c4 e6 3.g3 Bb4+ 4.Bd2 Qe7 5.Bg2 O-O 6.Nf3 Nc6 7.O-O Bxd2 8.Nbxd2 d6
9.e4 e5 10.d5 Nb8 11.Ne1 a5 12.b3 Na6 13.a3 Bd7 14.Qb1 Nh5 15.b4 axb4 16.axb4 g6
17.Nd3 c6 18.b5 cxb5 19.cxb5 Nc7 20.b6 Nb5 21.Rc1 Rxa1 22.Qxa1 Qd8 23.Nc4 f5
24.Qb2 f4 25.Qb4 Qf6 26.Kh1 g5 27.Re1 Qh6 28.Kg1 Ng7 29.Qb2 Qf6 30.Ndxe5 dxe5
31.Qxe5 fxg3 32.Qxf6 gxh2+ 33.Kxh2 Rxf6 34.Kg1 Rf4 35.Na5 Nd4 36.Nxb7 Rg4
37.Kf1 Bb5+ 38.Kg1 Nf3+ 39.Kh1 Rh4+ 40.Bh3  0-1

[Event "Nice olm prel"]
[Site "Nice"]
[Date "1974.??.??"]
[Round "2"]
[White "Radashkovich, Itchak"]
[Black "Perez, Eduardo"]
[Result "1-0"]
[WhiteElo "2425"]
[BlackElo "2200"]

1.d4 Nf6 2.c4 e6 3.g3 Bb4+ 4.Bd2 Bxd2+ 5.Qxd2 O-O 6.Bg2 d6 7.Nf3 Nbd7 8.Nc3 d5
9.Qd3 Qe7 10.O-O c6 11.e4 dxe4 12.Nxe4 Nxe4 13.Qxe4 Nf6 14.Qc2 Rd8 15.Rad1 Bd7
16.Ne5 Be8 17.f4 g6 18.Qc3 Nd7 19.Rfe1 Nxe5 20.Rxe5 Qc7 21.Qe3 Qb6 22.g4 Bd7
23.Qf2 Re8 24.Re3 Qd8 25.g5 Re7 26.h4 h5 27.gxh6 Qf8 28.Qf3 Qxh6 29.h5 Kh7
30.hxg6+ fxg6 31.d5 Rf8 32.dxe6 Bxe6 33.Rde1 Rfe8 34.Bh3 Qxh3 35.Qxh3+ Bxh3
36.Rxe7+ Rxe7 37.Rxe7+ Kh6 38.Rxb7  1-0

[Event "Sombor"]
[Site "Sombor"]
[Date "1974.??.??"]
[Round "11"]
[White "Begovac, J."]
[Black "Bisguier, Arthur Bernard"]
[Result "1/2-1/2"]
[WhiteElo "2200"]
[BlackElo "2435"]

1.d4 Nf6 2.c4 e6 3.g3 Bb4+ 4.Nd2 c5 5.Nf3 cxd4 6.a3 Bxd2+ 7.Qxd2 b6 8.Bg2 Bb7
9.O-O Bxf3 10.Bxf3 Nc6 11.b4 Rc8 12.Bb2 Ne5 13.c5 bxc5 14.bxc5 Nxf3+ 15.exf3 Rxc5
16.Bxd4 Rd5 17.Qb2 a5 18.Rad1 Rf5 19.f4 h5 20.Qb7 O-O 21.Bxf6 Qxf6 22.Qxd7 h4
23.Kg2 Qg6 24.Qd3 Qh5 25.h3 Qh6 26.Rfe1 Rh5 27.g4 Rd5 28.Qc4 Rxd1 29.Rxd1 Qf6  1/2-1/2

[Event "URS Cup"]
[Site "Tbilisi"]
[Date "1974.??.??"]
[Round "?"]
[White "Zaichik, Gennadi"]
[Black "Maslov, Leonid P"]
[Result "1-0"]
[WhiteElo "2200"]
[BlackElo "2300"]

1.d4 Nf6 2.c4 e6 3.g3 Bb4+ 4.Bd2 Bxd2+ 5.Qxd2 O-O 6.Bg2 d6 7.Nf3 Nbd7 8.Nc3 e5
9.O-O Re8 10.e4 Nb6 11.b3 Bg4 12.h3 Bxf3 13.Bxf3 Nbd7 14.Rad1 c6 15.Bg4 Nf8
16.d5 cxd5 17.cxd5 Qa5 18.Rc1 Re7 19.Qb2 h5 20.Be2 h4 21.Kg2 Rc8 22.b4 Qd8
23.Bd3 Ng6 24.Ne2 Rec7 25.a4 Nh5 26.Rxc7 Rxc7 27.Rc1 hxg3 28.fxg3 Rxc1 29.Qxc1 Qb6
30.Qd2 a6 31.a5 Qa7 32.Kf3 Ne7 33.Qc1 Qb8 34.Qg5 Nf6 35.Qe3 Qc7 36.Qc1 Qd7
37.Kg2 Ne8 38.Qc4 Nc7 39.Nc3 Nc8 40.Bc2 Na7 41.Ba4 Qd8 42.Qd3 Qg5 43.h4 Qc1
44.Qc2 Qa1 45.Bd7 g6 46.Nd1 Nab5 47.Nf2 Qa3 48.h5 gxh5 49.Qe2 Nd4 50.Qxh5 Qe3
51.Bg4 Ne8 52.Qh4 Kg7 53.Bh5 Qh6 54.Bg4 Qd2 55.Qe7 Nc2 56.Be6 Ne3+ 57.Kf3 Nd1
58.Qxf7+ Kh6 59.Ng4+  1-0

[Event "FRG-ch International"]
[Site "Mannheim"]
[Date "1975.??.??"]
[Round "2"]
[White "Sosonko, Gennadi"]
[Black "Keene, Raymond D"]
[Result "1/2-1/2"]
[WhiteElo "2470"]
[BlackElo "2505"]

1.d4 Nf6 2.c4 e6 3.g3 Bb4+ 4.Nd2 d5 5.Bg2 O-O 6.Nf3 b6 7.O-O Bb7 8.a3 Be7
9.b4 Nbd7 10.Rb1 c6 11.Qc2 a5 12.Re1  1/2-1/2

[Event "Aarhus"]
[Site "Aarhus"]
[Date "1976.??.??"]
[Round "?"]
[White "Fedder, Steen"]
[Black "Mortensen, Erling"]
[Result "1/2-1/2"]
[WhiteElo "2360"]
[BlackElo "2200"]

1.d4 Nf6 2.c4 e6 3.g3 Bb4+ 4.Nd2 c5 5.dxc5 Nc6 6.Bg2 O-O 7.Nf3 Bxc5 8.O-O d5
9.cxd5 exd5 10.Nb3 Bb6 11.Nbd4 Re8 12.Be3 Ne4 13.Qa4 Bd7 14.Qa3 Qf6 15.Rfd1 Rac8
16.Qb3 Bg4 17.Qxd5 Rcd8 18.Qc4 Bxf3 19.exf3 Nxf2 20.Bxf2 Bxd4 21.Bxd4 Rxd4
22.Rxd4 Nxd4 23.Qa4 Re2 24.Qxa7 Rxg2+ 25.Kxg2 Qxf3+ 26.Kh3 Qh5+  1/2-1/2

[Event "Tungsram"]
[Site "Budapest"]
[Date "1977.??.??"]
[Round "?"]
[White "Csom, Istvan"]
[Black "Pinter, Jozsef"]
[Result "1/2-1/2"]
[WhiteElo "2535"]
[BlackElo "2445"]

1.d4 Nf6 2.c4 e6 3.g3 Bb4+ 4.Nd2 c5 5.dxc5 Bxc5 6.Bg2 Nc6 7.Ngf3 O-O 8.O-O d5
9.cxd5 exd5 10.Nb3 Bb6 11.Nfd4 Re8 12.Bg5 h6  1/2-1/2

[Event "Sao Paulo"]
[Site "Sao Paulo"]
[Date "1977.??.??"]
[Round "4"]
[White "Quinteros, Miguel A"]
[Black "Trois, Francisco RT"]
[Result "1-0"]
[WhiteElo "2555"]
[BlackElo "2395"]

1.d4 Nf6 2.c4 e6 3.g3 Bb4+ 4.Nd2 d5 5.Bg2 O-O 6.Nf3 dxc4 7.Qc2 Nc6 8.Qxc4 Qd5
9.O-O Rd8 10.e3 Qxc4 11.Nxc4 Nd5 12.a3 Bf8 13.b4 Bd7 14.Bd2 Rac8 15.Rfc1 a6
16.Rc2 Be8 17.Rac1 h6 18.h4 g6 19.Nb2 Nb6 20.Ne1 Bg7 21.Ned3 Rb8 22.Be1 Nd5
23.Nc4 Na7 24.Nc5 Nb5 25.a4 Nd6 26.Nb2 c6 27.e4 Ne7 28.Bc3 Ndc8 29.Rd1 Nb6
30.Rcd2 Rd6 31.a5 Nbc8 32.Nc4 Rd8 33.Bf1 Na7 34.Bb2 Nb5 35.Kg2 h5 36.Be2 Nc8
37.f3 Ncd6 38.Ne3 Bd7 39.g4 hxg4 40.fxg4 Ne8 41.g5 Bc8 42.e5 Nbc7 43.h5 Bf8
44.hxg6 fxg6 45.Bd3 Be7 46.Kf3 Ng7 47.Bxg6 Bxg5 48.Rg2 Rf8+ 49.Ke2 Bxe3 50.Kxe3 Nd5+
51.Kd2 Nf4 52.Rg4 Nxg6 53.Rxg6 Kf7 54.Rh6 Ke7 55.b5 Nf5 56.Rh7+ Rf7 57.Rxf7+ Kxf7
58.b6 Kg7 59.Rg1+ Kf7 60.Rh1 Kg7 61.Kd3 Ne7 62.Bc1 Ng6 63.Bg5  1-0

[Event "Amsterdam zt"]
[Site "Amsterdam"]
[Date "1978.??.??"]
[Round "11"]
[White "Sosonko, Gennadi"]
[Black "Langeweg, Kick"]
[Result "1-0"]
[WhiteElo "2575"]
[BlackElo "2450"]

1.d4 Nf6 2.c4 e6 3.g3 Bb4+ 4.Bd2 Qe7 5.Nf3 Bxd2+ 6.Qxd2 Ne4 7.Qc2 f5 8.Bg2 O-O
9.Nc3 Nxc3 10.Qxc3 d6 11.Rc1 Nc6 12.d5 Nd8 13.O-O e5 14.c5 Bd7 15.Rc2 Nf7
16.Rfc1 g5 17.Nd2 e4 18.Qe3 Rae8 19.cxd6 Nxd6 20.Rxc7 f4 21.Qa3 e3 22.fxe3 fxg3
23.hxg3 Rf7 24.Nc4 Nxc4 25.Qxe7 Rexe7 26.R1xc4 Rxe3 27.Rxb7  1-0

[Event "URS-FL"]
[Site "Ashkhabad"]
[Date "1978.??.??"]
[Round "6"]
[White "Gutman, Lev"]
[Black "Makarichev, Sergey"]
[Result "1/2-1/2"]
[WhiteElo "2420"]
[BlackElo "2495"]

1.d4 Nf6 2.c4 e6 3.g3 Bb4+ 4.Bd2 a5 5.Bg2 O-O 6.Nf3 b6 7.O-O Ba6 8.Bxb4 axb4
9.Qb3 c5 10.a3 Bb7 11.Nbd2 Nc6 12.axb4 Nxb4 13.Ra3 d6 14.Rfa1 Rxa3 15.Rxa3 Nc6
16.Qc3 Qc7 17.e4 cxd4 18.Nxd4 Nxd4 19.Qxd4 e5 20.Qc3 Ra8 21.Rxa8+ Bxa8 22.Qa3 Bc6
23.f3 g6 24.Bf1 Bd7 25.b4 Be6 26.h4 Nd7 27.h5 gxh5 28.Qe3 Qd8 29.Qh6 h4 30.f4 exf4
31.gxf4 Qf6 32.Qxf6 Nxf6 33.f5 Bc8 34.Kg2 Kf8 35.Bd3 Ng4 36.Be2 Ne5 37.Kh3 Ke7
38.Kxh4 Kf6 39.Nb1 Nc6 40.b5 Nd4 41.Bh5  1/2-1/2

[Event "FRG-ch"]
[Site "Bad Neuenahr"]
[Date "1978.??.??"]
[Round "5"]
[White "Reefschlaeger, Helmut"]
[Black "Pachman, Ludek"]
[Result "1/2-1/2"]
[WhiteElo "2350"]
[BlackElo "2515"]

1.d4 Nf6 2.c4 e6 3.g3 Bb4+ 4.Bd2 Be7 5.Bg2 d5 6.Nf3 O-O 7.O-O c6 8.Qb3 b6
9.cxd5 cxd5 10.Rc1 Bb7 11.a4 Nc6 12.a5 Rc8 13.a6 Ba8 14.Na3 Na5 15.Qd3 Rxc1+  1/2-1/2

[Event "HUN-ch"]
[Site "Budapest"]
[Date "1978.??.??"]
[Round "?"]
[White "Orso, Miklos"]
[Black "Pinter, Jozsef"]
[Result "0-1"]
[WhiteElo "2350"]
[BlackElo "2430"]

1.d4 Nf6 2.c4 e6 3.g3 Bb4+ 4.Bd2 Be7 5.Bg2 d5 6.Nf3 O-O 7.O-O c6 8.cxd5 exd5
9.b4 Ne4 10.Qb3 Be6 11.Rd1 Nd7 12.Nc3 a6 13.Rab1 b5 14.Ne1 Nd6 15.Nd3 Bf6
16.e3 Bf5 17.Be1 Re8 18.Rbc1 Nc4 19.Ne2 Bg4 20.Ndf4 g5 21.h3 gxf4 22.hxg4 fxe3
23.f4 Bg7 24.g5 f6 25.gxf6 Nxf6 26.Rd3 Qd7 27.Rcc3 Ne4 28.Rc2 Qf5 29.Bf3 h5
30.Kg2 Re6 31.Rc1 Rae8 32.Qb1 Ned2 33.Bxd2 exd2  0-1

[Event "HUN-ch"]
[Site "Budapest"]
[Date "1978.??.??"]
[Round "?"]
[White "Kovacs, Laszlo M"]
[Black "Orso, Miklos"]
[Result "1-0"]
[WhiteElo "2400"]
[BlackElo "2350"]

1.d4 Nf6 2.c4 e6 3.g3 Bb4+ 4.Bd2 Be7 5.Bg2 d5 6.Nc3 c6 7.Nf3 b6 8.cxd5 exd5
9.O-O O-O 10.Qc2 Bb7 11.a3 Nbd7 12.b4 Re8 13.Rfe1 Rc8 14.Rab1 Ne4 15.Nxe4 dxe4
16.Ne5 Nxe5 17.dxe5 c5 18.b5 Qd4 19.Bf4 c4 20.Red1 Qc5 21.Rd7 Ba8 22.Rxa7 c3
23.a4 Qc4 24.a5 Bc5 25.axb6 Bxb6 26.Ra4 Qe6 27.Ra6 Bb7 28.Bxe4 Bxa6 29.Bxh7+ Kh8
30.Bf5 Qc4 31.bxa6 Qxa6 32.Bxc8 Rxc8 33.e6 fxe6 34.Be5 Qa5 35.Qe4 c2 36.Rc1 Qc5
37.e3 Ba5 38.Qf4 Qe7 39.Qa4 Qb4 40.Qd7 Rg8 41.Qxe6  1-0

[Event "Dortmund"]
[Site "Dortmund"]
[Date "1978.??.??"]
[Round "1"]
[White "Tatai, Stefano"]
[Black "Keene, Raymond D"]
[Result "1/2-1/2"]
[WhiteElo "2455"]
[BlackElo "2480"]

1.d4 Nf6 2.c4 e6 3.g3 Bb4+ 4.Bd2 Be7 5.Bg2 d5 6.Qc2 O-O 7.Nf3 c6 8.O-O b6
9.Ne5 Nfd7 10.Nd3 Ba6 11.cxd5 cxd5 12.a4 Qc8 13.Bc3 Nc6 14.Rc1 Qd8 15.Na3 Rc8
16.Qd1 Nf6 17.f3 Ne8 18.Nb5 Nd6 19.Nxd6 Bxd6 20.e3  1/2-1/2

[Event "Aaronson"]
[Site "London"]
[Date "1978.??.??"]
[Round "8"]
[White "Webb, Simon"]
[Black "Silman, Jeremy D"]
[Result "1/2-1/2"]
[WhiteElo "2445"]
[BlackElo "2360"]

1.d4 Nf6 2.c4 e6 3.g3 Bb4+ 4.Bd2 Bxd2+ 5.Nxd2 c5 6.dxc5 Qa5 7.Bg2 O-O 8.Nf3 Qxc5
9.O-O d5 10.Rc1 Nc6 11.cxd5 Qxd5 12.Nc4 Qb5 13.a4 Qb4 14.Qd6 Qxa4 15.Nfe5 Nxe5
16.Nxe5 Qb5 17.Rc2 Qb6 18.Qxb6 axb6 19.Nc4 Ra6 20.Rfc1 b5 21.Ne5 Ra8 22.Rc5 Nd7
23.Nxd7 Bxd7 24.Bxb7 Rab8 25.Rc7 Rfd8 26.f4 Kf8 27.Kf2 Be8 28.Ke3 Rd6 29.Be4 Ra6
30.Rc8 Rxc8 31.Rxc8 Ke7 32.Ra8  1/2-1/2

[Event "BKL-Turnier"]
[Site "Leipzig"]
[Date "1979.??.??"]
[Round "2"]
[White "Mikhalchishin, Adrian"]
[Black "Brueggemann, Joachim"]
[Result "1-0"]
[WhiteElo "2480"]
[BlackElo "2365"]

1.d4 Nf6 2.c4 e6 3.g3 Bb4+ 4.Bd2 Bxd2+ 5.Qxd2 d6 6.Bg2 Nbd7 7.Nf3 O-O 8.O-O e5
9.Nc3 Re8 10.e4 a5 11.Rfe1 c6 12.b3 Qc7 13.Rad1 Nf8 14.h3 Be6 15.Qe3 Rab8
16.Bf1 Qc8 17.Kh2 Bg4 18.d5 Rd8 19.Qd3 Bxf3 20.Qxf3 c5 21.Nb5 Qd7 22.a3 Qe7
23.h4 N8d7 24.Bh3 Nb6 25.Qc3 Ra8 26.a4 Nbd7 27.Kg2 Nh5 28.Rf1 Nf8 29.Rde1 g5
30.Qf3 Ng7 31.hxg5 Qxg5 32.Bf5 Ng6 33.Rh1 h5 34.Rh2 Kf8 35.Qe3 Qxe3 36.Rxe3 Ke7
37.Bxg6 fxg6 38.f4 Rf8 39.Rf3 Kd7 40.Rh1 Rfe8 41.Rhf1 Re7 42.fxe5 dxe5 43.d6  1-0

[Event "Lone Pine op"]
[Site "Lone Pine"]
[Date "1979.??.??"]
[Round "5"]
[White "Petursson, Margeir"]
[Black "Pachman, Ludek"]
[Result "1-0"]
[WhiteElo "2420"]
[BlackElo "2510"]

1.c4 Nf6 2.d4 e6 3.g3 Bb4+ 4.Nd2 c5 5.dxc5 Bxc5 6.Bg2 Nc6 7.Ngf3 O-O 8.O-O d5
9.a3 a5 10.cxd5 exd5 11.Qc2 Bb6 12.b3 Re8 13.Qd3 Bg4 14.Bb2 Ne4 15.e3 Rc8
16.Rac1 h6 17.Rfe1 Bf5 18.Qb5 Re7 19.Nh4 Bh7 20.Nxe4 Bxe4 21.Bxe4 Rxe4 22.Nf5 d4
23.exd4 Nxd4 24.Bxd4 Bxd4 25.Rxe4  1-0

[Event "CSR-ch"]
[Site "Trencianske Teplice"]
[Date "1979.??.??"]
[Round "11"]
[White "Plachetka, Jan"]
[Black "Ambroz, Jan"]
[Result "1/2-1/2"]
[WhiteElo "2445"]
[BlackElo "2320"]

1.d4 Nf6 2.c4 e6 3.g3 Bb4+ 4.Bd2 Qe7 5.Bg2 O-O 6.Nc3 d5 7.Nf3 Bxc3 8.Bxc3 Ne4
9.Qc2 Nd7 10.O-O Nxc3 11.Qxc3 c6 12.Nd2 b6 13.e4 Ba6 14.Rfe1 dxc4 15.e5 b5
16.Qa5 Bb7 17.Qc7 Rab8 18.Ne4 Qd8 19.Qxd8 Rfxd8 20.Nd6 Nb6 21.Nxb7 Rxb7 22.Bxc6 Rbb8
23.Bxb5 Rxd4 24.Rad1 Rbd8 25.Rxd4 Rxd4 26.Rc1 g5 27.Kf1 Kg7 28.Rc3  1/2-1/2

[Event "Tirnavia-A"]
[Site "Trnava"]
[Date "1979.??.??"]
[Round "3"]
[White "Trapl, Jindrich"]
[Black "Bohosjan, Sarkis"]
[Result "1-0"]
[WhiteElo "2395"]
[BlackElo "2410"]

1.d4 Nf6 2.c4 e6 3.g3 Bb4+ 4.Nd2 d5 5.Bg2 O-O 6.a3 Bxd2+ 7.Bxd2 dxc4 8.Nf3 Nc6
9.Bc3 Rb8 10.O-O b5 11.Qc2 Nd5 12.Bd2 Nb6 13.Ng5 Qxg5 14.Bxg5 Nxd4 15.Qd1 e5
16.e3 Ne6 17.Be7 Re8 18.Bb4 Bd7 19.Qe2 c5 20.Ba5 Nc7 21.Rfd1 Bf5 22.e4 Bc8
23.a4 Ba6 24.Bxb6 axb6 25.Rd7 Ne6 26.Qh5 g6 27.Qxe5 Nd4 28.Qf6 Rf8 29.e5 b4
30.Bd5  1-0

[Event "Malta ol (Men)"]
[Site "La Valetta"]
[Date "1980.??.??"]
[Round "?"]
[White "Petursson, Margeir"]
[Black "Kurajica, Bojan"]
[Result "1/2-1/2"]
[WhiteElo "2425"]
[BlackElo "2505"]

1.d4 Nf6 2.c4 e6 3.g3 Bb4+ 4.Nd2 d5 5.Bg2 O-O 6.Nf3 b6 7.O-O Bb7 8.Ne5 Be7
9.Qc2 c5 10.dxc5 Bxc5 11.Nd3 Qc8 12.Nxc5 Qxc5 13.b3 Nbd7 14.Bb2 b5 15.Rfc1 Rfc8
16.Rab1 Qb6 17.e3 bxc4 18.bxc4 Qa6 19.Bd4 Rab8 20.Rb4 e5 21.Ba1 dxc4 22.Bxb7 Rxb7
23.Rxc4 Rxc4 24.Qxc4 Qxc4 25.Rxc4 h6 26.Kg2 Nd5 27.Ne4 f6 28.Bc3 Rb1 29.Ba5 Rb2
30.Rc8+ Kh7 31.Rd8 Rxa2 32.Rxd7 Rxa5 33.Nd6 Nb6 34.Rb7  1/2-1/2

[Event "Lone Pine"]
[Site "Lone Pine"]
[Date "1980.??.??"]
[Round "6"]
[White "Zaltsman, Vitaly F"]
[Black "Rind, Bruce"]
[Result "0-1"]
[WhiteElo "2460"]
[BlackElo "2395"]

1.d4 Nf6 2.c4 e6 3.g3 Bb4+ 4.Bd2 Be7 5.Nf3 c5 6.Bg2 Nc6 7.dxc5 Bxc5 8.O-O O-O
9.Nc3 Be7 10.Rc1 d6 11.e4 Bd7 12.Qc2 Qb8 13.Rfd1 Rd8 14.Bf4 Nh5 15.Be3 Be8
16.Nd2 Nf6 17.Nb3 Nd7 18.f4 Nc5 19.Qf2 Nb4 20.Bf1 Nxa2 21.Nxa2 Nxb3 22.Rc2 Nc5
23.Nc3 Bc6 24.Bg2 a5 25.Rcd2 b6 26.e5 Bxg2 27.exd6 Rxd6 28.Rxd6 Bxd6 29.Qxg2 Bf8
30.Nb5 Qc8 31.Nd6 Bxd6 32.Rxd6 Rb8 33.Qc6 h6 34.Qxc8+ Rxc8 35.Rxb6 Na4 36.Rb5 Rxc4
37.b3 Re4 38.Bd2 Nb2 39.Bxa5 Nd3 40.Rb8+ Kh7 41.b4 Re2 42.b5 Ra2 43.Bc3 Rc2
44.Bd4 Ne1 45.Bf2 Nd3 46.Be3 Ne1 47.Kf1 Nf3 48.h3 Nd2+ 49.Ke1 Ne4 50.g4 Rc3
51.Bd4 Rxh3 52.b6 Rb3 53.Rc8 Rb4 54.Rd8 Nf6 55.f5 Nd5 56.fxe6 fxe6 57.Bc5 Rb5
58.Bd4 e5 59.b7 Rxb7 60.Rxd5 exd4 61.Rxd4 Rb2 62.Kf1 Kg6 63.Kg1 Kg5 64.Ra4 Rc2
65.Rb4 Rd2 66.Rb7 g6 67.Rb4 Rd6 68.Kg2 Kh4 69.Kf3 Rf6+ 70.Ke3 g5 71.Ra4 Kg3
72.Re4 Rf1 73.Ke2 Rf2+ 74.Ke3 Rh2  0-1

[Event "SWE-ch"]
[Site "?"]
[Date "1980.??.??"]
[Round "?"]
[White "Bjork, Carl Magnus"]
[Black "Ornstein, Axel"]
[Result "1/2-1/2"]
[WhiteElo "2350"]
[BlackElo "2450"]

1.d4 Nf6 2.c4 e6 3.g3 Bb4+ 4.Bd2 Bxd2+ 5.Qxd2 c5 6.Nf3 Ne4 7.Qc2 Qa5+ 8.Nbd2 Nxd2
9.Qxd2 Qxd2+ 10.Kxd2 b6 11.Bg2 Bb7 12.dxc5 bxc5 13.Rhd1 Ke7 14.Rac1 a5 15.Rc3 a4
16.Ne1 Bxg2 17.Nxg2 Nc6 18.Nf4 Rhb8 19.Nd3 Nb4 20.Nxb4 Rxb4 21.Kc2 Rab8 22.b3 Ra8
23.Rcd3 Rb7 24.Kc3 g5 25.Rb1 axb3 26.axb3 Ra2 27.Rd2 Ra3 28.Rdb2 Rba7 29.Kc2 Ra2
30.Rxa2 Rxa2+ 31.Rb2 Ra1 32.Rb1 Rxb1 33.Kxb1 g4 34.Kc2 Kd6 35.Kd3 f5 36.f3 Ke5
37.fxg4 fxg4 38.e4 Kd6 39.Ke3 Ke5 40.Kd3 Kd6 41.Ke3 e5 42.Kd3 Kc6 43.Kd2 Kb6
44.Kc2 Ka5  1/2-1/2